[Event "Open Vysocina 2018"]
[Site "Trebic"]
[Date "2018.09.22"]
[Round "1"]
[White "Korinkova, Eva"]
[Black "Pribyl, Josef"]
[Result "1-0"]
[WhiteElo "1833"]
[BlackElo "2250"]
[PlyCount "105"]
[EventDate "2018.09.22"]

1. e4 d6 2. d4 Nf6 3. Nc3 c6 4. g3 Nbd7 5. Bg2 e5 6. Nge2 b5 7. O-O b4 8. Na4
Ba6 9. c3 bxc3 10. bxc3 Qa5 11. Re1 Be7 12. Bd2 O-O 13. Qc2 Rab8 14. c4 Qc7 15.
Rab1 Rfe8 16. Rb3 Bf8 17. f4 Rbc8 18. Rc3 Nb6 19. Kh1 Qd7 20. fxe5 dxe5 21. Nc5
Bxc5 22. dxc5 Nxc4 23. Bg5 Qe6 24. Ng1 Ng4 25. Bf1 Qg6 26. Bc1 Re6 27. Bxc4
Bxc4 28. Rxc4 Rf6 29. Be3 Qh5 30. h3 Rd8 31. Kg2 Nxe3+ 32. Rxe3 g5 33. Qe2 Qg6
34. Ra4 h5 35. Rxa7 g4 36. h4 Rd4 37. a4 Rf4 38. Rd3 Rfxe4 39. Re3 Qf5 40. Rxe4
Rxe4 41. Qf2 Rf4 42. gxf4 Qe4+ 43. Nf3 exf4 44. Ra8+ Kh7 45. a5 f6 46. Ra7+ Kg6
47. Rd7 gxf3+ 48. Qxf3 Qc2+ 49. Qf2 Qe4+ 50. Kh2 f3 51. Qg3+ Kf5 52. Rd2 Qe3
53. Rf2 1-0

[Event "Open Vysocina 2018"]
[Site "Trebic"]
[Date "2018.09.22"]
[Round "1"]
[White "Bartos, Jan"]
[Black "Zeleny, Tomas"]
[Result "1-0"]
[WhiteElo "2216"]
[BlackElo "1833"]
[PlyCount "109"]
[EventDate "2018.09.22"]

1. d4 d5 2. c4 c6 3. e3 Nf6 4. Nc3 a6 5. Qc2 b5 6. b3 Bg4 7. Nge2 e6 8. Ng3 Bd6
9. f3 Bh5 10. Nxh5 Nxh5 11. g3 Nf6 12. Bd3 O-O 13. O-O Nbd7 14. e4 dxc4 15.
bxc4 e5 16. d5 bxc4 17. Bxc4 Nb6 18. Bb3 cxd5 19. Nxd5 Nbxd5 20. exd5 Rc8 21.
Qd3 Bc5+ 22. Be3 Bxe3+ 23. Qxe3 Nxd5 24. Qxe5 Qb6+ 25. Rf2 Ne3 26. Re1 Rfe8 27.
Qb2 Qa7 28. Kh1 Re7 29. Rfe2 Qc5 30. Qd2 Qc3 31. Qxc3 Rxc3 32. Kg1 Kf8 33. Kf2
Nf5 34. Rxe7 Nxe7 35. Re4 a5 36. Ra4 Rc5 37. Ke2 Nc6 38. Re4 f6 39. f4 Rh5 40.
h4 Rc5 41. Kd2 Nb4 42. Rd4 Nc6 43. Rd7 Nb4 44. Rf7+ Ke8 45. Rxg7 h5 46. Rh7 Kf8
47. Rf7+ Ke8 48. Rxf6 Ke7 49. Re6+ Kd7 50. Re5 Rxe5 51. fxe5 Ke7 52. Ke3 Nc6
53. Ke4 Nb4 54. a3 Na6 55. Kd5 1-0

[Event "Open Vysocina 2018"]
[Site "Trebic"]
[Date "2018.09.22"]
[Round "1"]
[White "Oburka, Vladislav"]
[Black "Chu, Ruotong"]
[Result "0-1"]
[WhiteElo "1802"]
[BlackElo "2199"]
[PlyCount "102"]
[EventDate "2018.09.22"]

1. e4 c5 2. Nf3 a6 3. c3 Nf6 4. e5 Nd5 5. Qb3 e6 6. d4 cxd4 7. cxd4 Nc6 8. Nc3
Nxc3 9. bxc3 d6 10. Bf4 d5 11. Bd3 Qc7 12. O-O Na5 13. Qc2 h6 14. Nd2 Bd7 15.
Rab1 Rc8 16. Rfc1 Ba3 17. Re1 Qxc3 18. Qxc3 Rxc3 19. Re3 Be7 20. Rg3 g5 21. Be2
Rxg3 22. Bxg3 O-O 23. f4 Rc8 24. Bd1 Bb5 25. Nb3 Bd3 26. Rc1 Nc4 27. Rc3 Be4
28. Be2 Bb1 29. a4 Bb4 30. Rc1 Be4 31. fxg5 hxg5 32. h4 Ba3 33. Ra1 Bb2 34. Rf1
Ne3 35. Rf2 Nf5 36. Kh2 gxh4 37. Bf4 Nxd4 38. Bh5 Nxb3 39. Rxb2 Bc2 40. Kh3 d4
41. Be2 Rc3+ 42. Kxh4 d3 43. Bh5 Rc7 44. Kg5 d2 45. Bxd2 Nxd2 46. Rb4 Ne4+ 47.
Kh6 Kf8 48. Rd4 Ng3 49. Bg4 Nf5+ 50. Bxf5 exf5 51. Kg5 Ke7 0-1

[Event "Open Vysocina 2018"]
[Site "Trebic"]
[Date "2018.09.22"]
[Round "1"]
[White "Vecera, Pavel"]
[Black "Grabarczyk, Sylwester"]
[Result "1-0"]
[WhiteElo "2153"]
[BlackElo "1782"]
[PlyCount "41"]
[EventDate "2018.09.22"]

1. d4 f5 2. e4 fxe4 3. Nc3 Nf6 4. Bg5 e6 5. Nxe4 Be7 6. Bxf6 Bxf6 7. Nf3 O-O 8.
Bd3 b6 9. Qe2 Bb7 10. h4 c5 11. O-O-O cxd4 12. Nfg5 h6 13. Qh5 Bxe4 14. Bxe4 d5
15. Nxe6 Qd6 16. Bxd5 Bg5+ 17. hxg5 Qxd5 18. Nxf8 Kxf8 19. gxh6 Qxh5 20. Rxh5
gxh6 21. Rxh6 1-0

[Event "Open Vysocina 2018"]
[Site "Trebic"]
[Date "2018.09.22"]
[Round "1"]
[White "Stork, Rostislav"]
[Black "Vincze, Roman"]
[Result "0-1"]
[WhiteElo "1779"]
[BlackElo "2097"]
[PlyCount "110"]
[EventDate "2018.09.22"]

1. e4 e6 2. d4 d5 3. exd5 Qxd5 4. Nc3 Qd8 5. Nf3 Nf6 6. Bg5 Be7 7. Bc4 O-O 8.
Qd3 Nc6 9. a3 a6 10. O-O b5 11. Bb3 b4 12. axb4 Nxb4 13. Qd2 Bb7 14. Ne5 c5 15.
dxc5 Qxd2 16. Bxd2 Bxc5 17. Na4 Bd6 18. Nc4 Be7 19. Ncb6 Rad8 20. Be3 Nfd5 21.
Bc5 Bxc5 22. Nxc5 Bc6 23. Nxd5 Bxd5 24. c4 Ba8 25. Nxa6 Nd3 26. Rab1 Bb7 27.
Nc7 Nf4 28. f3 Rd3 29. Ba4 Rc8 30. Rfd1 g6 31. Ne8 Rxd1+ 32. Rxd1 Rxc4 33. b3
Rc2 34. Rd8 Rxg2+ 35. Kf1 Bxf3 36. Nf6+ Kg7 37. Ne8+ Kh6 38. Nd6 Be2+ 39. Ke1
Nd3+ 40. Kd2 Ne5 41. Kc3 Rxh2 42. b4 Rh4 43. Be8 f6 44. b5 Nc4 45. Nc8 Na5 46.
b6 Rc4+ 47. Kd2 Bf3 48. Bb5 Rb4 49. Nd6 Bc6 50. Kc3 Rb3+ 51. Kc2 Bxb5 52. b7
Bd3+ 53. Kd2 Nxb7 54. Nxb7 Rxb7 55. Rxd3 Rb5 0-1

[Event "Open Vysocina 2018"]
[Site "Trebic"]
[Date "2018.09.22"]
[Round "1"]
[White "Lampir, Tomas"]
[Black "Endler, Boris"]
[Result "1-0"]
[WhiteElo "2052"]
[BlackElo "1778"]
[PlyCount "29"]
[EventDate "2018.09.22"]

1. e4 c5 2. Nc3 Nc6 3. Bb5 Nd4 4. Bc4 g6 5. f4 Bg7 6. Nf3 e6 7. Nxd4 Bxd4 8.
Nb5 d5 9. Nxd4 dxc4 10. Nf3 Ne7 11. Qe2 Qc7 12. Qxc4 Qxf4 13. d3 Qc7 14. Qc3
Rg8 15. Ng5 1-0

[Event "Open Vysocina 2018"]
[Site "Trebic"]
[Date "2018.09.22"]
[Round "1"]
[White "Skurniak, Szymon"]
[Black "Pacl, Vaclav"]
[Result "1/2-1/2"]
[WhiteElo "1763"]
[BlackElo "2033"]
[PlyCount "35"]
[EventDate "2018.09.22"]

1. e4 d6 2. d4 Nf6 3. Nc3 c6 4. f3 Nbd7 5. Be3 e5 6. Qd2 Qc7 7. a4 a5 8. h4
exd4 9. Bxd4 Ne5 10. Nh3 Be7 11. Nf4 Ng6 12. h5 Nxf4 13. Qxf4 h6 14. O-O-O Be6
15. Bxf6 gxf6 16. Kb1 O-O-O 17. g4 Qb6 18. Bd3 1/2-1/2

[Event "Open Vysocina 2018"]
[Site "Trebic"]
[Date "2018.09.22"]
[Round "1"]
[White "Tesar, Jan"]
[Black "Habada, Jindrich"]
[Result "1-0"]
[WhiteElo "2033"]
[BlackElo "1761"]
[PlyCount "43"]
[EventDate "2018.09.22"]

1. c4 Nf6 2. Nc3 c5 3. e4 Nc6 4. g3 g6 5. Bg2 Bg7 6. Nge2 O-O 7. O-O d6 8. h3
Rb8 9. d3 a6 10. Be3 e5 11. Qd2 Be6 12. f4 Qc8 13. g4 Nd4 14. f5 Bd7 15. Ng3
gxf5 16. gxf5 Qd8 17. Bg5 Qc8 18. Bxf6 Bxf6 19. Nd5 Qd8 20. Nxf6+ Qxf6 21. Nh5
Qh4 22. Qh6 1-0

[Event "Open Vysocina 2018"]
[Site "Trebic"]
[Date "2018.09.22"]
[Round "1"]
[White "Svoboda, Frantisek"]
[Black "Heppell, Ian N"]
[Result "0-1"]
[WhiteElo "1760"]
[BlackElo "2031"]
[PlyCount "44"]
[EventDate "2018.09.22"]

1. c4 e5 2. d3 Nc6 3. Nf3 f5 4. Bg5 Nf6 5. Nc3 Be7 6. e4 d6 7. Be2 O-O 8. O-O
h6 9. Bxf6 Bxf6 10. Nd5 g5 11. Nxf6+ Qxf6 12. Qd2 g4 13. Ne1 f4 14. g3 Nd4 15.
Bd1 Be6 16. Ng2 Kh7 17. Qe1 Rf7 18. Rb1 Raf8 19. b4 Rg8 20. Rb2 Nf3+ 21. Bxf3
gxf3 22. Nh4 Qxh4 0-1

[Event "Open Vysocina 2018"]
[Site "Trebic"]
[Date "2018.09.22"]
[Round "1"]
[White "Bradac, Roman"]
[Black "Zacharias, Miroslav"]
[Result "1-0"]
[WhiteElo "1999"]
[BlackElo "1727"]
[PlyCount "71"]
[EventDate "2018.09.22"]

1. d4 d5 2. Nf3 Nf6 3. Bf4 c6 4. e3 Qb6 5. Qc1 Bf5 6. c4 e6 7. c5 Qa5+ 8. Qc3
Qxc3+ 9. Nxc3 Nbd7 10. h3 Be7 11. Be2 O-O 12. O-O h6 13. b4 Ne4 14. Rfc1 Nxc3
15. Rxc3 Rfe8 16. b5 Bf6 17. bxc6 bxc6 18. Bd6 e5 19. Ba6 Be4 20. Rd1 Bxf3 21.
gxf3 exd4 22. exd4 Re6 23. Re3 Rae8 24. Rxe6 fxe6 25. Bb7 Nb8 26. f4 Kf7 27.
Kf1 g5 28. fxg5 hxg5 29. Ba8 Na6 30. Bxc6 Rh8 31. Bb7 Nb4 32. Rd2 Rxh3 33. c6
Nxc6 34. Bxc6 Rc3 35. Bd7 Rc4 36. Bc5 1-0

[Event "Open Vysocina 2018"]
[Site "Trebic"]
[Date "2018.09.22"]
[Round "1"]
[White "Hrivnakova, Anna"]
[Black "Gokhale, Anupama"]
[Result "0-1"]
[WhiteElo "1538"]
[BlackElo "1964"]
[PlyCount "54"]
[EventDate "2018.09.22"]

1. Nf3 Nf6 2. d4 e6 3. Bg5 d5 4. Nbd2 Be7 5. e3 O-O 6. Bd3 c5 7. c3 b6 8. b3
Bb7 9. O-O Nbd7 10. Re1 Ne4 11. Bxe7 Qxe7 12. Rc1 Rac8 13. h3 cxd4 14. cxd4 Nc3
15. Rxc3 Rxc3 16. Qb1 f5 17. h4 Rfc8 18. Ng5 h6 19. Nxe6 Qxe6 20. Bxf5 Qc6 21.
Kh2 Re8 22. Nf3 Nf8 23. Ne5 Qf6 24. g3 Bc8 25. e4 dxe4 26. Qxe4 Qxf5 27. f4
Qh3+ 0-1

[Event "Open Vysocina 2018"]
[Site "Trebic"]
[Date "2018.09.22"]
[Round "1"]
[White "Svizensky, Lubos"]
[Black "Kovacs, Ivan"]
[Result "1-0"]
[WhiteElo "1937"]
[BlackElo "1537"]
[PlyCount "55"]
[EventDate "2018.09.22"]

1. d4 d5 2. c4 e6 3. Nf3 Bb4+ 4. Nc3 Bxc3+ 5. bxc3 Nc6 6. Bf4 Nf6 7. e3 O-O 8.
Qc2 Ne4 9. Bd3 b6 10. cxd5 exd5 11. Bxe4 dxe4 12. Qxe4 Bb7 13. Qc2 Na5 14. Ng5
g6 15. O-O Nc4 16. Rfd1 Qd5 17. e4 Qd7 18. Qe2 Nd6 19. e5 Nb5 20. Rdc1 Qd5 21.
f3 Na3 22. Ne4 Qe6 23. Nf6+ Kg7 24. Qf2 Qf5 25. Bh6+ Kh8 26. Qh4 Rg8 27. Nxg8
Rxg8 28. Qf6+ 1-0

[Event "Open Vysocina 2018"]
[Site "Trebic"]
[Date "2018.09.22"]
[Round "1"]
[White "Rychtecky, Pavel"]
[Black "Bar-Or, Ornan"]
[Result "0-1"]
[WhiteElo "1537"]
[BlackElo "1931"]
[PlyCount "98"]
[EventDate "2018.09.22"]

1. e4 c5 2. Nf3 d6 3. d4 cxd4 4. Nxd4 Nf6 5. Nc3 g6 6. Be3 Bg7 7. Be2 O-O 8.
O-O Nc6 9. Nxc6 bxc6 10. f4 Qc7 11. Bf3 Rb8 12. Rb1 Be6 13. Qd2 Rfd8 14. Rfd1
Qa5 15. b3 Bg4 16. Ne2 Qc7 17. c4 Bxf3 18. gxf3 Ra8 19. Ng3 a5 20. Qf2 Rdb8 21.
Rd3 Rc8 22. Qd2 c5 23. f5 a4 24. fxg6 hxg6 25. f4 Ng4 26. Kg2 axb3 27. axb3
Nxe3+ 28. Qxe3 Ra2+ 29. Rd2 Qa5 30. Re2 Bd4 31. Qd3 Ra8 32. Rc2 Qb4 33. Kf3
R8a3 34. Ne2 Bf6 35. Kg4 Kg7 36. Ng3 Qa5 37. h4 Rxc2 38. Qxc2 Ra2 39. Qd3 Rd2
40. Qf3 Qa2 41. Rf1 Rg2 42. e5 dxe5 43. fxe5 Bxe5 44. Qxf7+ Kh6 45. Qf8+ Bg7
46. Qf4+ Kh7 47. Rf3 Qe2 48. Kh3 Rh2+ 49. Kg4 Qe6+ 0-1

[Event "Open Vysocina 2018"]
[Site "Trebic"]
[Date "2018.09.22"]
[Round "1"]
[White "Spanton, Tim R"]
[Black "Divis, Jan"]
[Result "1-0"]
[WhiteElo "1923"]
[BlackElo "1526"]
[PlyCount "101"]
[EventDate "2018.09.22"]

1. c4 c5 2. Nc3 Nc6 3. g3 Nf6 4. Bg2 e5 5. d3 g6 6. Nf3 d6 7. O-O Bg7 8. Ne1
O-O 9. Nc2 Re8 10. Rb1 a5 11. Ne3 Nd4 12. Ned5 Nxd5 13. Nxd5 Be6 14. e3 Bxd5
15. Bxd5 Nc6 16. f4 exf4 17. Rxf4 Re7 18. Qf1 Qc7 19. Bd2 Bh6 20. Rf6 Rf8 21.
Re1 Nb4 22. Bxb4 axb4 23. Qf2 Kg7 24. e4 Bg5 25. Rf3 f5 26. exf5 Rxe1+ 27. Qxe1
Rxf5 28. Rxf5 gxf5 29. Qe6 Qe7 30. Qxf5 Qe1+ 31. Kg2 Qe2+ 32. Qf2 Qxf2+ 33.
Kxf2 Kf6 34. Bxb7 Ke5 35. Be4 h6 36. a4 bxa3 37. bxa3 Kd4 38. a4 Bd8 39. Kf3
Ke5 40. Kg4 Kf6 41. h4 Ba5 42. Kf3 Be1 43. h5 Kg5 44. g4 Bc3 45. Bf5 Kf6 46.
Ke4 Ke7 47. Kd5 Be5 48. Kc6 Kd8 49. a5 Bc3 50. a6 d5 51. a7 1-0

[Event "Open Vysocina 2018"]
[Site "Trebic"]
[Date "2018.09.22"]
[Round "1"]
[White "Benda, Vladimir"]
[Black "Mezlik, Stanislav"]
[Result "0-1"]
[WhiteElo "1493"]
[BlackElo "1885"]
[PlyCount "54"]
[EventDate "2018.09.22"]

1. e4 e5 2. Nf3 Nc6 3. d4 exd4 4. Nxd4 Nf6 5. Nc3 Bb4 6. Nxc6 bxc6 7. Bd3 O-O
8. O-O d5 9. e5 Ng4 10. Bf4 Re8 11. h3 Nxe5 12. Qh5 Nxd3 13. cxd3 Bd6 14. Bg3
Qf6 15. Bxd6 cxd6 16. Rfe1 Ba6 17. Red1 Re5 18. Qg4 d4 19. Ne4 Qe6 20. Qxe6
Rxe6 21. Rac1 Bb7 22. Ng3 a5 23. Kf1 c5 24. Re1 Rae8 25. Red1 Bd5 26. b3 g6 27.
Re1 Bxg2+ 0-1

[Event "Open Vysocina 2018"]
[Site "Trebic"]
[Date "2018.09.22"]
[Round "1"]
[White "Aird, Ian"]
[Black "Glacner, Karel"]
[Result "1-0"]
[WhiteElo "1857"]
[BlackElo "1482"]
[PlyCount "83"]
[EventDate "2018.09.22"]

1. Nf3 f5 2. d4 d5 3. g3 Nf6 4. Bg2 b6 5. c4 Bb7 6. Ne5 e6 7. O-O Nbd7 8. Qa4
Be7 9. Nc6 Bxc6 10. Qxc6 Kf7 11. cxd5 exd5 12. Nc3 Rc8 13. Nxd5 Nb8 14. Qc4 Kf8
15. Nf4 Qd7 16. Ne6+ Ke8 17. Nxg7+ Kd8 18. Bb7 Bd6 19. Ne6+ Ke7 20. Bxc8 Qxc8
21. Ng5 Rf8 22. Bd2 Ne4 23. Nxe4 fxe4 24. Bg5+ Ke8 25. f3 Bxg3 26. hxg3 Qh3 27.
Bh4 e3 28. Qxc7 Nd7 29. Qd8+ Kf7 30. Qe7+ Kg8 31. Qxe3 Rf6 32. Rf2 Re6 33. Qf4
Rg6 34. Rh2 Qe6 35. b3 Kh8 36. Rc1 Rg8 37. Rc7 Rf8 38. Qe4 Qd6 39. Rc6 Qb4 40.
g4 Qd2 41. Rc7 Rf7 42. Rxd7 1-0

[Event "Open Vysocina 2018"]
[Site "Trebic"]
[Date "2018.09.22"]
[Round "1"]
[White "Cieslak, Leszek"]
[Black "Zeleny, Ondrej"]
[Result "1-0"]
[WhiteElo "1845"]
[BlackElo "1358"]
[PlyCount "67"]
[EventDate "2018.09.22"]

1. c4 e5 2. Nc3 Nf6 3. g3 Bc5 4. Bg2 c6 5. Qc2 O-O 6. e3 Na6 7. a3 Nc7 8. Nge2
a6 9. O-O Ba7 10. d4 exd4 11. Nxd4 d5 12. Rd1 Bxd4 13. Rxd4 c5 14. Rd2 d4 15.
Ne2 Ne6 16. b4 cxb4 17. axb4 Qe7 18. exd4 Qxb4 19. Rb1 Qe7 20. Qa4 Rb8 21. Ba3
Qc7 22. Bxf8 Nxf8 23. Nf4 Bf5 24. Re1 Bd7 25. Qc2 Rc8 26. Rc1 Ne6 27. Nxe6 Bxe6
28. d5 Bg4 29. c5 Nd7 30. c6 bxc6 31. Qxc6 Qxc6 32. dxc6 Ne5 33. c7 Nd7 34. Bb7
1-0

[Event "Open Vysocina 2018"]
[Site "Trebic"]
[Date "2018.09.23"]
[Round "2"]
[White "Svizensky, Lubos"]
[Black "Bartos, Jan"]
[Result "1/2-1/2"]
[WhiteElo "1937"]
[BlackElo "2216"]
[PlyCount "39"]
[EventDate "2018.09.22"]

1. d4 Nf6 2. c4 e6 3. Nf3 d5 4. Nc3 Bb4 5. e3 O-O 6. Bd3 dxc4 7. Bxc4 c5 8. a3
Ba5 9. O-O cxd4 10. Nxd4 a6 11. b4 Bc7 12. Nf3 Nc6 13. Qxd8 Rxd8 14. Bb2 Bd7
15. Rfd1 Ne5 16. Nxe5 Bxe5 17. Be2 Bc6 18. Rxd8+ Rxd8 19. Rd1 Rxd1+ 20. Nxd1
1/2-1/2

[Event "Open Vysocina 2018"]
[Site "Trebic"]
[Date "2018.09.23"]
[Round "2"]
[White "Chu, Ruotong"]
[Black "Spanton, Tim R"]
[Result "1/2-1/2"]
[WhiteElo "2199"]
[BlackElo "1923"]
[PlyCount "172"]
[EventDate "2018.09.22"]

1. d4 d5 2. c4 e6 3. Nf3 Nf6 4. g3 Bb4+ 5. Nbd2 O-O 6. Bg2 b6 7. cxd5 exd5 8.
O-O Nbd7 9. Ne5 Bb7 10. Qa4 Bd6 11. Ndc4 Be7 12. Ne3 Nxe5 13. dxe5 Nd7 14. Rd1
Nc5 15. Qg4 Bc8 16. Nf5 Bxf5 17. Qxf5 c6 18. b4 Na4 19. Qc2 b5 20. Qxc6 Rc8 21.
Qxd5 Nc3 22. Qxd8 Rfxd8 23. Rxd8+ Rxd8 24. Be3 Bxb4 25. Bxa7 Nxe2+ 26. Kf1 Nc3
27. a3 Bxa3 28. Bb6 Rd2 29. e6 fxe6 30. Bh3 Rd1+ 31. Rxd1 Nxd1 32. Bxe6+ Kf8
33. Bd4 Bb2 34. Bc5+ Ke8 35. Bf5 h6 36. Bd3 Nc3 37. Bd4 Kf7 38. Bxb5 Nxb5 39.
Bxb2 h5 40. Ke2 g6 41. Ke3 Ke6 42. Kf4 Nd6 43. Kg5 Kf7 44. f4 Ne4+ 45. Kh6 Nd6
46. Kg5 Ne4+ 47. Kh6 Nd6 48. Be5 Nf5+ 49. Kg5 Ne3 50. h3 Nf5 51. g4 hxg4 52.
hxg4 Ng3 53. Kh6 Ne4 54. Bd6 Ng3 55. Kh7 Ne2 56. Be5 Ng3 57. Bc7 Kf6 58. Bb8
Kf7 59. Be5 Ne4 60. Kh6 Ng3 61. Bc7 Ne4 62. Bb6 Nf6 63. Kg5 Ne4+ 64. Kh6 Nf6
65. Kg5 Ne4+ 66. Kh4 Kf6 67. Bd8+ Kf7 68. Kh3 Ke6 69. Kg2 Kd7 70. Bb6 Ke6 71.
Kf3 Nf6 72. Bd4 Nd5 73. Kg3 Kf7 74. Be5 Ke6 75. Kh4 Ne3 76. Kg5 Kf7 77. Bc3 Nf1
78. Be1 Ne3 79. Bf2 Nd5 80. Bd4 Ne7 81. Kh6 Nd5 82. Be5 Ne3 83. Kg5 Nf1 84. Bc3
Ng3 85. Be1 Ne4+ 86. Kh6 Nf6 1/2-1/2

[Event "Open Vysocina 2018"]
[Site "Trebic"]
[Date "2018.09.23"]
[Round "2"]
[White "Bar-Or, Ornan"]
[Black "Vecera, Pavel"]
[Result "0-1"]
[WhiteElo "1931"]
[BlackElo "2153"]
[PlyCount "96"]
[EventDate "2018.09.22"]

1. e4 c5 2. Nf3 Nc6 3. Bb5 e6 4. Bxc6 bxc6 5. b3 Ne7 6. Bb2 Ng6 7. d3 d6 8. O-O
e5 9. c3 Ba6 10. g3 Be7 11. Re1 O-O 12. d4 cxd4 13. cxd4 Qa5 14. Qd2 Qxd2 15.
Nbxd2 f6 16. Rac1 Rac8 17. h4 Rfd8 18. h5 Nf8 19. Nh4 g6 20. hxg6 hxg6 21. Nhf3
Ne6 22. Rc2 Kf7 23. Rec1 c5 24. dxe5 dxe5 25. Nc4 Nd4 26. Nxd4 cxd4 27. Nd2
Rxc2 28. Rxc2 Rc8 29. Rxc8 Bxc8 30. Nc4 Ke6 31. f4 Bb7 32. fxe5 fxe5 33. Nd2
Bg5 34. Nc4 Bxe4 35. Kf2 Bd5 36. Ke2 Bf6 37. Bc1 e4 38. Bf4 Kf5 39. Nd6+ Kg4
40. Nb5 g5 41. Bb8 a6 42. Nc7 Bb7 43. Ne6 Bc8 44. Nc5 d3+ 45. Kd2 Kf3 46. Bc7
Bf5 47. Ba5 e3+ 48. Ke1 Be5 0-1

[Event "Open Vysocina 2018"]
[Site "Trebic"]
[Date "2018.09.23"]
[Round "2"]
[White "Vincze, Roman"]
[Black "Aird, Ian"]
[Result "1-0"]
[WhiteElo "2097"]
[BlackElo "1857"]
[PlyCount "77"]
[EventDate "2018.09.22"]

1. d4 d5 2. Nf3 Nf6 3. Bg5 Ne4 4. Bf4 c5 5. c3 cxd4 6. Nxd4 Nc6 7. e3 g5 8. Bg3
Bg7 9. Nd2 Nxg3 10. hxg3 e5 11. Nxc6 bxc6 12. Qc2 h6 13. Bd3 Rb8 14. Rc1 Be6
15. b3 O-O 16. Bh7+ Kh8 17. Bf5 Qf6 18. Bd3 Kg8 19. e4 Rfd8 20. O-O g4 21. Rfe1
Qg5 22. Rcd1 Bf6 23. Nf1 Kg7 24. Qd2 Qxd2 25. Rxd2 Rd7 26. Rde2 a5 27. Ne3 Ra7
28. Bc2 h5 29. Nd1 Rd8 30. Nb2 d4 31. cxd4 Rxd4 32. Bd3 Rad7 33. Bc4 Bxc4 34.
Nxc4 Ra7 35. Nb6 Be7 36. Rc1 Rc7 37. Nc4 Bb4 38. Nxe5 c5 39. Nc4 1-0

[Event "Open Vysocina 2018"]
[Site "Trebic"]
[Date "2018.09.23"]
[Round "2"]
[White "Mezlik, Stanislav"]
[Black "Lampir, Tomas"]
[Result "1-0"]
[WhiteElo "1885"]
[BlackElo "2052"]
[PlyCount "85"]
[EventDate "2018.09.22"]

1. d4 d5 2. Nf3 Nf6 3. g3 g6 4. Bg2 Bg7 5. O-O O-O 6. c4 c6 7. Nc3 Nbd7 8. cxd5
cxd5 9. Bf4 a6 10. Rc1 Nb6 11. b3 Nh5 12. Bg5 Bf5 13. Qd2 Rc8 14. Bh6 Nf6 15.
Bxg7 Kxg7 16. Ne5 Qd6 17. Rfd1 Nbd7 18. Qf4 Qe6 19. Nxd7 Qxd7 20. Qe5 Kg8 21.
Nxd5 Nxd5 22. Qxd5 Qxd5 23. Bxd5 b6 24. Bg2 Rfd8 25. d5 a5 26. f4 Bd7 27. e4 f6
28. Kf2 Bb5 29. Ke3 Bd7 30. e5 fxe5 31. fxe5 Bg4 32. Re1 g5 33. Rc4 Rxc4 34.
bxc4 Rc8 35. Kd4 Bd7 36. e6 Be8 37. Rb1 Rb8 38. Be4 h6 39. Bd3 Kg7 40. Ke5 Ba4
41. c5 b5 42. d6 b4 43. d7 1-0

[Event "Open Vysocina 2018"]
[Site "Trebic"]
[Date "2018.09.23"]
[Round "2"]
[White "Kalveus, Jan"]
[Black "Tesar, Jan"]
[Result "0-1"]
[WhiteElo "1854"]
[BlackElo "2033"]
[PlyCount "66"]
[EventDate "2018.09.22"]

1. d4 {[%emt 0:00:00]} d5 2. c4 e5 3. dxe5 d4 4. Nf3 Nc6 5. g3 Nge7 6. Bg2 Ng6
7. Bg5 Bb4+ 8. Kf1 Be7 9. Bf4 O-O 10. h4 f6 11. exf6 Bxf6 12. Bg5 h6 13. Bxf6
Qxf6 14. Nbd2 Bg4 15. Bh3 Bxh3+ 16. Rxh3 Nge5 17. Kg2 Rad8 18. h5 Ng4 19. Qf1
Nb4 20. Rh4 Qf5 21. Qb1 d3 22. e4 Qe6 23. Qd1 Nc2 24. Rxg4 Qxg4 25. Rc1 Qxh5
26. Rxc2 dxc2 27. Qxc2 Qf7 28. Qc3 Rxd2 29. Nxd2 Qxf2+ 30. Kh3 Rd8 31. Nf3 Qf1+
32. Kg4 Rd3 33. Nh2 Qd1+ 0-1

[Event "Open Vysocina 2018"]
[Site "Trebic"]
[Date "2018.09.23"]
[Round "2"]
[White "Heppell, Ian N"]
[Black "Cieslak, Leszek"]
[Result "1/2-1/2"]
[WhiteElo "2031"]
[BlackElo "1845"]
[PlyCount "27"]
[EventDate "2018.09.22"]

1. e4 {[%emt 0:00:00]} c5 2. Nf3 d6 3. Bb5+ Bd7 4. Bxd7+ Qxd7 5. O-O Nc6 6. c3
Nf6 7. Re1 g6 8. d4 Bg7 9. Bf4 O-O 10. d5 Na5 11. Nbd2 b5 12. Rb1 Rfc8 13. h3
Nb7 14. Qe2 1/2-1/2

[Event "Open Vysocina 2018"]
[Site "Trebic"]
[Date "2018.09.23"]
[Round "2"]
[White "Smietanska, Wiktoria"]
[Black "Bradac, Roman"]
[Result "0-1"]
[WhiteElo "1315"]
[BlackElo "1999"]
[PlyCount "58"]
[EventDate "2018.09.22"]

1. e4 c5 2. Nf3 g6 3. d4 cxd4 4. Nxd4 Nf6 5. f3 Qa5+ 6. c3 Bg7 7. Be3 Nc6 8.
Be2 O-O 9. O-O d5 10. exd5 Nxd5 11. Bf2 Rd8 12. Nxc6 bxc6 13. Qb3 Be6 14. Bc4
Be5 15. Bxd5 cxd5 16. Nd2 Rab8 17. Qc2 Qc7 18. g3 d4 19. Rac1 d3 20. Qb1 h5 21.
Rfe1 h4 22. Kg2 a5 23. b3 a4 24. b4 Bxc3 25. a3 Rbc8 26. Red1 h3+ 27. Kg1 Qe5
28. Bc5 Qe2 29. Bf2 Bxd2 0-1

[Event "Open Vysocina 2018"]
[Site "Trebic"]
[Date "2018.09.23"]
[Round "2"]
[White "Gokhale, Anupama"]
[Black "Korinkova, Eva"]
[Result "1-0"]
[WhiteElo "1964"]
[BlackElo "1833"]
[PlyCount "135"]
[EventDate "2018.09.22"]

1. d4 Nf6 2. c4 g6 3. g3 Bg7 4. Bg2 O-O 5. Nc3 d6 6. Nf3 c6 7. O-O Nbd7 8. e4
e5 9. h3 Ne8 10. dxe5 dxe5 11. b3 f5 12. Ba3 Rf7 13. Qd2 Qa5 14. Na4 Qxd2 15.
Nxd2 f4 16. Nf3 h6 17. Rad1 Rb8 18. Nc3 b6 19. Ne2 g5 20. g4 Bf6 21. Rd2 Rb7
22. Bb2 Re7 23. Ba3 Re6 24. Rfd1 Nf8 25. Bf1 Rh7 26. Nh2 Ng6 27. f3 h5 28. Nc3
Nh4 29. Rd3 Ng7 30. c5 b5 31. Bb2 Be7 32. b4 Kf7 33. R1d2 Reh6 34. Nd1 Ng6 35.
Nf2 Be6 36. Bg2 Rh8 37. gxh5 Rxh5 38. Nfg4 Bxa2 39. Rd7 Bc4 40. Rxa7 Ke6 41.
Nxe5 Nxe5 42. Bxe5 R5h7 43. Bd6 Bf6 44. Ng4 Ne8 45. Rxh7 Rxh7 46. e5 Be7 47.
Bxe7 Rxe7 48. h4 gxh4 49. Bh3 Kf7 50. Rd4 Ra7 51. Rxf4+ Kg6 52. Ne3 Ra1+ 53.
Kh2 Ra2+ 54. Bg2 Be6 55. Rxh4 Kg5 56. Re4 Ng7 57. f4+ Kh6 58. Kg3 Nh5+ 59. Kh4
Bd5 60. Rd4 Ng7 61. Bxd5 cxd5 62. Rxd5 Rh2+ 63. Kg4 Rb2 64. Nf5+ Nxf5 65. Kxf5
Rxb4 66. Rd6+ Kg7 67. Rd7+ Kf8 68. Rb7 1-0

[Event "Open Vysocina 2018"]
[Site "Trebic"]
[Date "2018.09.23"]
[Round "2"]
[White "Pacl, Vaclav"]
[Black "Pribyl, Josef"]
[Result "0-1"]
[WhiteElo "2033"]
[BlackElo "2250"]
[PlyCount "56"]
[EventDate "2018.09.22"]

1. d4 g6 2. Nf3 Bg7 3. e4 d6 4. c3 Nf6 5. Nbd2 O-O 6. Bd3 Nc6 7. O-O e5 8. dxe5
dxe5 9. Nc4 Qe7 10. b4 a6 11. Qe2 Rd8 12. Rd1 Nh5 13. g3 h6 14. Nh4 Nf4 15.
Bxf4 exf4 16. Rac1 Be6 17. Ng2 g5 18. Na3 fxg3 19. hxg3 Ne5 20. Bb1 Rxd1+ 21.
Qxd1 Rd8 22. Qe2 c5 23. Nc2 Bg4 24. Qe3 Rd3 25. Qxc5 Qxc5 26. bxc5 Rxc3 27.
Nge1 Rxc5 28. Kg2 Rc3 0-1

[Event "Open Vysocina 2018"]
[Site "Trebic"]
[Date "2018.09.23"]
[Round "2"]
[White "Zeleny, Tomas"]
[Black "Skurniak, Szymon"]
[Result "1/2-1/2"]
[WhiteElo "1833"]
[BlackElo "1763"]
[PlyCount "42"]
[EventDate "2018.09.22"]

1. e4 c5 2. Nf3 Nc6 3. Bb5 g6 4. O-O Bg7 5. Re1 e5 6. c3 Qe7 7. d3 Nf6 8. Nbd2
d6 9. Bc4 Be6 10. Ng5 O-O 11. a4 d5 12. Nxe6 fxe6 13. Ba2 Rad8 14. Qe2 Qd6 15.
Nf3 Rde8 16. Bd2 a5 17. Rad1 h6 18. Rf1 Kh7 19. Bc1 Nh5 20. g3 Rf7 21. Nh4 Nf6
1/2-1/2

[Event "Open Vysocina 2018"]
[Site "Trebic"]
[Date "2018.09.23"]
[Round "2"]
[White "Kovacs, Ivan"]
[Black "Oburka, Vladislav"]
[Result "0-1"]
[WhiteElo "1537"]
[BlackElo "1802"]
[PlyCount "68"]
[EventDate "2018.09.22"]

1. d4 Nf6 2. e3 e6 3. c4 b6 4. Nf3 Bb7 5. Be2 d5 6. O-O Be7 7. Ne5 Nbd7 8. cxd5
Nxe5 9. dxe5 Nxd5 10. Bf3 O-O 11. Bxd5 Bxd5 12. Nc3 Bb7 13. Qxd8 Rfxd8 14. b3
Rd3 15. Bb2 Bb4 16. Nb5 c6 17. Na3 Rad8 18. Nc4 b5 19. Na3 a6 20. Nc2 Be7 21.
b4 Rd2 22. Rfc1 c5 23. bxc5 Be4 24. Nb4 Rxb2 25. Nxa6 Bb7 26. Nc7 Rdd2 27. c6
Bc8 28. Ne8 Rxf2 29. Nd6 Rxg2+ 30. Kf1 Ba6 31. c7 b4+ 32. Nc4 Rbf2+ 33. Ke1 Bh4
34. Nd2 Rxd2# 0-1